[Event "Kochan Memorial op 25th"]
[Site "Koszalin"]
[Date "2014.08.18"]
[Round "9"]
[White "Smetek, Robert"]
[Black "Kedziera, Izydor"]
[Result "1-0"]
[WhiteElo "1155"]
[BlackElo "1512"]
[PlyCount "115"]
[EventDate "2014.08.10"]
[EventType "swiss"]
[EventRounds "9"]
[EventCountry "POL"]
[SourceTitle "CBM 161 Extra"]
[Source "ChessBase"]
[SourceDate "2014.08.29"]
[SourceVersion "1"]
[SourceVersionDate "2014.08.29"]
[SourceQuality "1"]

1. d4 e6 2. f4 d5 3. Nf3 Nc6 4. e3 Bb4+ 5. c3 Bd6 6. Nbd2 Nge7 7. Bd3 h6 8. e4 dxe4 9. Nxe4 a6 10. a4 Ng6 11. Nxd6+ Qxd6 12. Ne5 Nge7 13. 0-0 Bd7 14. Be3 Nf5 15. Bf2 g5 16. Re1 0-0-0 17. Nxf7 Qe7 18. Nxd8 Nxd8 19. Bxf5 gxf4 20. b4 Rg8 21. d5 Qg5 22. Bh3 exd5 23. Qf3 Bxh3 24. Qxh3+ Kb8 25. b5 a5 26. Bd4 Nf7 27. Ra2 Nd6 28. Re5 Qg6 29. Rae2 Ne4 30. c4 Ng5 31. Qg4 f3 32. Rb2 Qd3 33. Rxg5 Rxg5 34. Qh4 Qd1+ 35. Kf2 Rxg2+ 36. Ke3 Qc1+ 37. Kxf3 Rg8 38. Qf4 Qxc4 39. Rg2 Qd3+ 40. Be3 Qd1+ 41. Kf2 Qc2+ 42. Bd2 Qc5+ 43. Qe3 Rf8+ 44. Kg1 Qd6 45. Qxh6 Qa3 46. Qg7 Qf3 47. Qa1 d4 48. Qe1 b6 49. Rg3 Qf5 50. Rg2 Qf3 51. Bh6 Rf7 52. Qe8+ Kb7 53. Qc6+ Qxc6 54. bxc6+ Kxc6 55. Rf2 Re7 56. h4 b5 57. Rf6+ Kc5 58. Bf8 1-0

[Event "Kochan Memorial op 25th"]
[Site "Koszalin"]
[Date "2014.08.14"]
[Round "4"]
[White "Smetek, Robert"]
[Black "Kwiatkowski, Marek"]
[Result "0-1"]
[WhiteElo "1155"]
[BlackElo "1478"]
[PlyCount "110"]
[EventDate "2014.08.10"]
[EventType "swiss"]
[EventRounds "9"]
[EventCountry "POL"]
[SourceTitle "CBM 161 Extra"]
[Source "ChessBase"]
[SourceDate "2014.08.29"]
[SourceVersion "1"]
[SourceVersionDate "2014.08.29"]
[SourceQuality "1"]

1. e4 e6 2. d4 d5 3. e5 c5 4. c3 Nc6 5. Nf3 Qb6 6. a3 Bd7 7. Be2 Nge7 8. g4 Ng6 9. Qc2 cxd4 10. cxd4 Nxd4 11. Nxd4 Qxd4 12. Nd2 Qxe5 13. Nf3 Qd6 14. Qb3 Bc6 15. Bb5 Rc8 16. Bxc6+ bxc6 17. 0-0 h5 18. g5 Ne5 19. Bf4 Nxf3+ 20. Qxf3 e5 21. Bd2 e4 22. Qf5 Qe6 23. Qxe6+ fxe6 24. Be3 c5 25. f4 d4 26. Bd2 e3 27. Ba5 Bd6 28. Kg2 0-0 29. Kg3 Rf5 30. h4 Rcf8 31. a4 Bxf4+ 32. Kg2 d3 33. Rfd1 c4 34. Bb4 Rb8 35. Bc3 d2 36. Kf3 Bxg5+ 37. Ke4 Bxh4 38. Kxe3 Bf6 39. Rxd2 Bg5+ 40. Ke2 Bxd2 41. Kxd2 g5 42. Re1 Kf7 43. Re4 Rc8 44. a5 g4 45. Bd4 Rxa5 46. Rf4+ Rf5 47. Re4 a5 48. Re1 g3 49. Rg1 Rg8 50. Kc3 e5 51. Bb6 g2 52. Kxc4 Rf1 53. Kb5 Rxg1 54. Bxg1 Rb8+ 55. Kc5 Rxb2 0-1

[Event "Kochan Memorial op 25th"]
[Site "Koszalin"]
[Date "2014.08.14"]
[Round "5"]
[White "Wasilewski, Leszek"]
[Black "Smetek, Robert"]
[Result "1-0"]
[WhiteElo "1261"]
[BlackElo "1155"]
[PlyCount "81"]
[EventDate "2014.08.10"]
[EventType "swiss"]
[EventRounds "9"]
[EventCountry "POL"]
[SourceTitle "CBM 161 Extra"]
[Source "ChessBase"]
[SourceDate "2014.08.29"]
[SourceVersion "1"]
[SourceVersionDate "2014.08.29"]
[SourceQuality "1"]

1. d4 Nf6 2. c4 g6 3. Nf3 d5 4. Bg5 Bg7 5. e3 Bg4 6. h3 Bd7 7. Nc3 c6 8. Bd3 0-0 9. Rc1 dxc4 10. Bxc4 Bf5 11. Ne5 e6 12. Bd3 Qc7 13. 0-0 Nbd7 14. Bf4 Qc8 15. e4 g5 16. Nxd7 Nxd7 17. Bxg5 Bg6 18. e5 c5 19. Bxg6 fxg6 20. Ne4 b6 21. Qg4 Qc6 22. Nd6 Qd5 23. Be7 Bh6 24. Rcd1 Rf4 25. dxc5 Qxa2 26. Ra1 Qb3 27. Qe2 Nxc5 28. Ra3 Qd5 29. Rg3 Bg7 30. Qc2 Qxe5 31. Rg5 Bf6 32. Rxe5 Bxe5 33. Nb5 Na4 34. Qc6 Rb8 35. Qxe6+ Rf7 36. Qxe5 Rb7 37. Ba3 Rbd7 38. Qe8+ Kg7 39. Bf8+ Kf6 40. Re1 Rd5 41. Qe6+ 1-0

[Event "Kochan Memorial op 25th"]
[Site "Koszalin"]
[Date "2014.08.11"]
[Round "1"]
[White "Przerwa, Waldemar"]
[Black "Smetek, Robert"]
[Result "1-0"]
[WhiteElo "1723"]
[BlackElo "1155"]
[PlyCount "75"]
[EventDate "2014.08.10"]
[EventType "swiss"]
[EventRounds "9"]
[EventCountry "POL"]
[SourceTitle "CBM 161 Extra"]
[Source "ChessBase"]
[SourceDate "2014.08.29"]
[SourceVersion "1"]
[SourceVersionDate "2014.08.29"]
[SourceQuality "1"]

1. e4 c5 2. Nf3 d6 3. c3 Nc6 4. d4 cxd4 5. cxd4 e6 6. Nc3 a6 7. Be2 Qc7 8. 0-0 Be7 9. d5 Ne5 10. Nd4 Bd7 11. f4 Nc4 12. Qd3 Rc8 13. b3 Nb6 14. dxe6 fxe6 15. Bb2 Nf6 16. Rac1 Qb8 17. Qg3 0-0 18. e5 Ne8 19. Bg4 Nc7 20. exd6 Bxd6 21. Ne4 Be7 22. Bxe6+ Nxe6 23. Nxe6 g6 24. Nxf8 Rxf8 25. Qc3 Kf7 26. Ng5+ Ke8 27. Nxh7 Nd5 28. Qg7 Rf7 29. Qg8+ Bf8 30. Nxf8 Qa7+ 31. Kh1 Ne7 32. Rfe1 Rxf8 33. Qxg6+ Rf7 34. Ba3 Kf8 35. Rxe7 Rxe7 36. Qf6+ Kg8 37. Qxe7 Qf2 38. Qxd7 1-0